MARC

LEADER 00000nam0a2200000 4500
001 326235
005 20231102003836.0
035 |a (RuTPU)RU\TPU\book\351870 
090 |a 326235 
100 |a 20161221d1946 m y0rusy50 ca 
101 0 |a rus 
102 |a RU 
105 |a a z 000zb 
200 1 |a Николай Николаевич Ге (1831-1894)  |f В. Костин 
210 |a Москва  |a Ленинград  |c Искусство  |d 1946 
215 |a 31 с.  |c ил. 
600 1 |a Ге  |b Н. Н.  |c российский живописец  |c передвижник  |f 1831-1894  |g Николай Николаевич  |2 stltpush  |3 (RuTPU)RU\TPU\pers\11974  |9 3082 
606 1 |a Живописцы  |2 stltpush  |3 (RuTPU)RU\TPU\subj\10834  |9 37852 
610 1 |a изобразительное искусство 
610 1 |a художники 
610 1 |a Россия 
610 1 |a русская живопись 
610 1 |a 19 век 
610 1 |a портретная живопись 
610 1 |a передвижники 
610 1 |a персоналии 
675 |a 75.071  |v 4 
700 1 |a Костин  |b В. 
801 1 |a RU  |b 63413507  |c 20161221 
801 2 |a RU  |b 63413507  |c 20200219  |g RCR 
942 |c BK